000 00350nam a22001337a 4500
020 _a9698891005
040 _cnust
082 _a297.1229
_bJaf
100 _aJaffri, islam Nabi
_9122960
245 _aThe Quran Hold the keys
260 _aPakistan:
_bInstant Print System Ltd,
_c2006.
650 _aThe Quran Hold the keys
_9122961
942 _2ddc
_cBK
999 _c609324
_d609324